Statistiques concernant Personnage et acteur de La Flamme

Cliquez ici pour prendre le quiz!

Statistiques générales

  • Ce quiz a été pris 109 fois
    (90 depuis la dernière actualisation)
  • Le résultat moyen est 14 sur 32

Statistiques - réponses

Personnage / Acteur% Correct
Marc
91%
Anne
84%
Alexandra
73%
Adèle Exarchopoulos
71%
Soraya
71%
Marina
64%
Anna
63%
Jonathan Cohen
63%
Leïla Bekhti
63%
Pierre Niney
63%
Géraldine Nakache
61%
Docteur Juiphe
59%
Orchidée
58%
Angèle
55%
Florence Foresti
53%
Valérie
51%
Chataléré
48%
Claude
46%
Victoire
43%
Vincent Dedienne
40%
Manon
38%
Emilie
34%
Sarah
34%
Ana Girardot
29%
Laure Calamy
21%
Camille Chamoux
13%
Céline Sallette
6%
Marie-Pierre Casey
4%
Léonie Simaga
3%
Doria Tellier
1%
L'animateur
1%
Youssef Hajdi
1%

Distribution des résultats

Percentile par nombre de réponses

% des personnes avec chaque résultat

Votre développement - résultats

Vous n’avez pas pris ce quiz depuis la dernière actualisation